Statistics for Countries that Recognize Jerusalem as Capital of Israel

Click here to take the quiz!

General Stats

  • This quiz has been taken 107 times
    (62 since last reset)
  • The average score is 3 of 9

Answer Stats

ContinentAnswer% Correct
North AmericaUnited States
100%
North AmericaGuatemala
46%
North AmericaHonduras
38%
OceaniaNauru
35%
EuropeKosovo
31%
OceaniaVanuatu
25%
AsiaIsrael
23%
EuropeSerbia
23%
AsiaTaiwan
19%

Score Distribution

Percentile by Number Answered

Percent of People with Each Score

Your Score History

You have not taken this quiz since the last reset